000 00275nam a22001097a 4500
008 160505b xxu||||| |||| 00| 0 eng d
020 _a0963259903
041 _aeng
080 _a61.31
245 _aDental communication:
_cDavid W. Chambers; Ronald G. Abrams;
942 _2udc
_cBK
999 _c1833
_d1833